Die Analyse der Spannkraft zum Greifen des handzuhabenden Gegenstandes

Bibliographic Details
Main Authors: Arz, Gusztáv (Author), Pintér, József (Author)
Format: Article
Language:German
PhysicalDescription:Sch. 6, lit. 1 zázn. v angl.
Subjects:

MARC

LEADER 00000nab a2200000 a 4500
001 vtls000481077
003 SK-MaSNL
005 20260318124257.0
008 120927c1991 xo 0 ger
015 |a SNBRA19rr/mm-uuuuu 
035 |a CL0481212 
040 |a SNKBUCL  |b slo  |c SNKBUCL  |e AACR2 
041 0 |a ger 
044 |a xo  |c SK 
080 |a 621.86.01:539.3  |2 1981 
080 |a 539.3  |2 1981 
100 1 |a Arz, Gusztáv  |4 aut  |9 1280903 
245 1 4 |a Die Analyse der Spannkraft zum Greifen des handzuhabenden Gegenstandes  |c Gusztáv Arz, József Pintér 
300 |b Sch. 6, lit. 1 zázn. v angl. 
650 0 7 |a manipulácia s materiálom  |2 snkbucl  |9 14946 
650 0 7 |a chápadlá  |2 snkbucl  |9 1280904 
650 0 7 |a pružnosť  |2 snkbucl  |9 1635 
655 7 |a články zo zborníkov  |2 snkbucl  |9 166140 
700 1 |a Pintér, József  |4 aut  |9 844404 
773 0 |t Flexible automation  |d Bratislava : Dom techniky ZSVTS, 1991  |g S. 153-154 
850 |a Slovenská národná knižnica v Martine  |a MTA001 
852 |a SNK  |b KIS3GCP 
958 |a RK 
992 |a RZB 
999 |c 2544513  |d 2546443